| 000 | 00367nam a2200157Ia 4500 | ||
|---|---|---|---|
| 008 | 230917s9999||||xx |||||||||||||| ||und|| | ||
| 020 | _cRS5.5 | ||
| 040 |
_e50443 _aMAIN |
||
| 041 | _aEnglish | ||
| 082 | _a822.33 S15R | ||
| 100 | _aShakespeare, William | ||
| 245 | 0 | _aRomeo and Juliet | |
| 260 |
_aLondon _bGeorge Gill |
||
| 300 | _axxxii, 180 p. | ||
| 942 | _cBK | ||
| 999 |
_c187000 _d187000 |
||